000 00355nam a2200145Ia 4500
008 230917s9999||||xx |||||||||||||| ||und||
040 _e151287
_aMAIN
041 _aEnglish
082 _aB J334R:J
100 _aRaghuvansh
245 0 _aJaiprakash Narayan ke Vichar
260 _aAllahabad
_bLokbharti Prakash
_c1977
300 _a261p p.
942 _cBK
999 _c207715
_d207715